[Event "5th Ordu Open 2019"]
[Site "Ordu"]
[Date "2019.05.05"]
[Round "9.2"]
[White "Annaberdiev, Meilis"]
[Black "Isik, Alparslan"]
[Result "1-0"]
[WhiteElo "2531"]
[BlackElo "2233"]
[Annotator "TA"]
[PlyCount "115"]
[EventDate "2019.04.29"]
[EventType "swiss"]
[EventCountry "TUR"]
[SourceTitle "playchess.com"]
[Source "ChessBase"]
[SourceQuality "1"]

{[%evp 15,115,0,16,3,0,-18,-1,-4,-6,-11,-20,-13,4,0,-5,-20,-14,-18,-15,-25,-15,-24,8,-38,-12,-29,-22,-24,-16,-10,0,-19,0,0,11,0,0,-18,0,-22,0,-23,24,27,29,27,41,0,47,60,156,174,160,169,154,169,169,155,147,147,166,166,171,112,206,206,206,206,206,200,194,184,209,181,208,205,189,185,240,240,268,262,268,267,268,262,393,369,374,348,510,511,694,627,691,691,691,691,691,684,663,617]} 1. Nf3 Nf6 2. d4 g6 3. Bg5 Bg7 4. Nbd2 d5 5. e3 O-O 6. Bd3 Nbd7 7. O-O c5 8. c3 Re8 9. h3 {D03: 1 d4 d5 2 Nf3 Nf6 3 Bg5, including Torre Attack with early ...d5} (9. Re1 e5 10. Nxe5 Nxe5 11. dxe5 Rxe5 12. Nf3 Bg4 13. Bf4 Re8 14. h3 Bxf3 15. Qxf3 Qb6 16. Qe2 c4 17. Bb1 {0-1 (41) Mammadov,Z (2487)-Sevdimaliyev,U (2505) Baku 2015}) 9... e5 {Threatens to win with ...e4.} 10. dxe5 Nxe5 11. Nxe5 {The position is equal.} Rxe5 12. Nf3 Re8 13. Qa4 h6 (13... b6 {is more complex.} 14. Qh4 Re6 15. Rfd1 Bb7 16. e4 h6) 14. Bxf6 Bxf6 15. Rfd1 Qe7 16. Rd2 Rd8 $146 ({Predecessor:} 16... a6) 17. Re1 Be6 18. e4 d4 19. c4 a6 20. Qc2 {[#]} b5 $1 {[%mdl 512]} 21. b3 (21. cxb5 axb5) 21... Rab8 22. e5 Bg7 23. Rc1 Rdc8 24. Re2 h5 25. Qd2 Qf8 26. Ne1 Qd8 (26... Bh6 $5 27. f4 $8 Qe8 $11) 27. Kh2 Qd7 28. Nf3 bxc4 29. Bxc4 Bxc4 30. Rxc4 Qd5 31. Kg1 Re8 {[%cal Rg7e5]} 32. Qa5 {[%mdl 64] Double Attack} Rbc8 {[#]} (32... Rb5 $14 33. Qxa6 Rb4) 33. Rxd4 $1 $16 {[%mdl 576] Pin} Qb7 (33... cxd4 34. Qxd5) 34. Rde4 Qb5 35. Qc3 Rcd8 36. Qc2 Rd5 37. Rd2 Rxd2 38. Qxd2 ({Weaker is} 38. Nxd2 Rxe5 39. Nf3 Rxe4 $11) 38... Qc6 39. Re1 (39. Qe2 $18) 39... f6 (39... c4 $16) 40. exf6 $18 Rxe1+ 41. Qxe1 Bxf6 42. Qe2 Kg7 43. Qc4 Qd6 44. Qe4 Qd1+ 45. Kh2 Qd6+ 46. g3 a5 (46... Qe7 $142 47. Qd5 Qe2) 47. Kg2 Qd7 48. Ne5 Qe8 49. Qb7+ Kh8 50. Nf3 a4 (50... g5 $142 51. Qd5 h4 52. gxh4 gxh4 53. Qxc5 Qa8) 51. Qa6 Kg7 52. Qa7+ Be7 (52... Kh6 $142 53. bxa4 Qe4) 53. bxa4 {[%cal Bb3a4,Ba4a5,Ba5a6,Ba6a7][%mdl 32] White is clearly winning.} Qf7 54. a5 {Black must now prevent a6.} c4 55. a6 c3 56. Qc7 Bf6 57. Qxf7+ Kxf7 58. a7 {Accuracy: White = 61%, Black = 32%.} 1-0

[Event "5th Ordu Open 2019"]
[Site "Ordu"]
[Date "2019.05.05"]
[Round "9.3"]
[White "Olcum, Ahmet"]
[Black "Barski, Radoslaw"]
[Result "0-1"]
[WhiteElo "2300"]
[BlackElo "2462"]
[Annotator "TA"]
[PlyCount "96"]
[EventDate "2019.04.29"]
[EventType "swiss"]
[EventCountry "TUR"]
[SourceTitle "playchess.com"]
[Source "ChessBase"]
[SourceQuality "1"]

{[%evp 11,96,4,2,-11,7,-11,-8,-28,-27,-22,0,0,0,0,8,19,17,16,22,35,92,58,48,53,59,54,54,55,51,41,64,0,53,45,36,38,42,0,26,0,0,-22,0,0,0,-201,-193,-540,-521,-432,-431,-660,-633,-1033,-996,-893,-395,-390,-393,-386,-385,-386,-372,-500,-497,-541,-535,-513,-522,-734,-729,-800,-797,-793,-779,-806,-806,-806,-804,-770,-793,-1041,-1040,-5920,-5398,-29986,-750]} 1. d4 d5 2. Bf4 Nf6 3. e3 e6 4. Nd2 c5 5. c3 Nc6 6. Bd3 Bd6 7. Bxd6 {D00: 1 d4 d5: Unusual lines} Qxd6 8. f4 O-O (8... Bd7 9. a3 Ne7 10. Ngf3 Qb6 11. Rb1 Bb5 12. Bxb5+ Qxb5 13. Qe2 Qxe2+ 14. Kxe2 Rc8 {1-0 (58) Duda,J (2717)-Dziuba,M (2584) Katowice 2017}) 9. Ngf3 {The position is equal.} cxd4 10. cxd4 b6 11. a3 Bb7 12. Ne5 Rac8 $146 ({Predecessor:} 12... Ne7 13. Qf3 Rac8 14. O-O Rc7 15. Rac1 Rxc1 16. Rxc1 Rc8 17. Qd1 a5 18. Rxc8+ Nxc8 19. Qc2 Qd8 20. g3 {½-½ (20) Mufic,G (2247)-Barp,A (2233) Forni di Sopra 2017}) 13. Qf3 Qe7 14. O-O Na5 {Black wants to play ...Nc4!} 15. Qh3 b5 (15... h6 $14) 16. b4 ({Don't play} 16. Bxb5 $6 Rc2 $14) 16... Nc4 17. Nb3 Ne4 18. Nc5 Ncd6 19. a4 a6 20. g4 f6 21. Nf3 (21. Ned7 $14 Rfe8 22. axb5 axb5 23. g5 (23. Nxb7 Qxd7 24. Nc5 Qf7 $14)) 21... Rc7 ({Black should play} 21... bxa4 $11 22. Rfc1 Qe8) 22. Ra2 Nc4 23. axb5 axb5 24. g5 f5 25. Rfa1 (25. g6 $5 {[%cal Rh3h7]} h6 26. Ne5 $14) 25... Nxe3 26. Ra7 Ng4 27. g6 {[%csl Gg6][%cal Rh3h7] [#]} h6 28. Bxe4 $2 (28. Qh4 $11 {and White stays safe.} Qd6 29. Ne5) 28... dxe4 $19 29. Ng5 $2 (29. Ne5 {was the crucial defense.}) 29... Bd5 30. R7a6 {[%cal Rg5e6]} Rxc5 31. dxc5 (31. bxc5 $142 Qf6 {[%mdl 64] Double Attack} 32. Nxe6 Bxe6 33. Rd6 Qxg6 34. Ra7) 31... Qf6 {( -> ...Qd4+)} 32. Rd1 Qb2 33. Qg3 Qxb4 (33... hxg5 $142 34. Qh3 Qf2+ 35. Kh1 Nf6) 34. Nxe6 Bxe6 35. Qa3 Qxa3 36. Rxa3 Nf6 37. Ra6 Bc4 38. c6 {With the idea c7.} e3 39. c7 {Rd8! would kill now.} e2 40. Rda1 {Black should prevent Rc6.} Nd5 $1 {[%csl LRc7,LRf4]} 41. Rc6 Rc8 42. Kf2 Kf8 43. Ra5 Rxc7 44. Re6 Rc8 45. Re5 Nf6 {White must now prevent ...Ng4+.} 46. Rxf5 Bd3 47. Rxf6+ gxf6 48. Ra7 Bxg6 {Accuracy: White = 39%, Black = 72%.} (48... Rc1 $142 49. g7+ Kg8 50. Ra8+ Kxg7 51. Re8 Rf1+ 52. Kg2 b4 53. Re7+ Kg6 54. Kh3 b3 55. Kh4 b2 56. Re8 b1=Q 57. Rg8+ {[#]} Kh7 $1 {[%mdl 512]} 58. Kh3 Kxg8 59. Kg4 Qb7 60. Kh4 Qf3 61. h3 e1=Q#) 0-1

[Event "5th Ordu Open 2019"]
[Site "Ordu"]
[Date "2019.05.05"]
[Round "9.4"]
[White "Mosadeghpour, Masoud"]
[Black "Dogan, Nazmi Can"]
[Result "1/2-1/2"]
[WhiteElo "2514"]
[BlackElo "2214"]
[Annotator "TA"]
[PlyCount "55"]
[EventDate "2019.04.29"]
[EventType "swiss"]
[EventCountry "TUR"]
[SourceTitle "playchess.com"]
[Source "ChessBase"]
[SourceQuality "1"]

{[%evp 9,55,41,47,31,33,22,18,12,18,4,23,19,44,47,32,31,35,29,35,18,14,0,0,0,-3,-37,-21,-118,-121,-210,-210,-243,-225,-222,-210,-221,-245,-245,-238,-214,-57,-54,0,-149,-151,-137,-81,-218]} 1. e4 g6 2. d4 Bg7 3. Nc3 d6 4. f4 e6 5. Nf3 Ne7 6. Be2 {B06: Modern Defence} (6. Bd3 a6 7. Qe2 d5 8. Be3 Nbc6 9. a3 dxe4 10. Bxe4 Nd5 11. Bxd5 exd5 12. Bf2+ Ne7 13. O-O-O O-O 14. Rhe1 {1-0 (36) Perunovic,M (2662)-Indjic,A (2515) Goracici 2015}) 6... a6 7. a4 b6 8. O-O {The position is equal.} Bb7 9. Be3 Nd7 10. Bf2 c5 $146 ({Predecessor:} 10... Nf6 11. e5 Ng4 12. Ng5 Nxf2 13. Rxf2 h6 14. Nge4 {½-½ (67) Brendel,O (2378)-Polzin,R (2462) Germany 2002}) 11. dxc5 Nxc5 12. Bd4 Bxd4+ 13. Qxd4 O-O 14. Rfd1 d5 {[%cal Rc5e4]} 15. exd5 exd5 16. Qf2 Qc7 17. Ne5 f6 $36 {[%mdl 2048] Black has the initiative.} 18. Ng4 {[#]} (18. Nf3 $11) 18... Rad8 $1 $17 {And now ...h5 would win.} 19. Qd4 {[#]} (19. h3 $17 {keeps fighting.}) 19... Kg7 $1 $19 20. a5 Nf5 21. Qb4 b5 {White must now prevent ...d4.} 22. Bf3 {[%cal Rc3d5]} d4 23. Bxb7 dxc3 ({Weaker is} 23... Qxb7 24. Qxc5 Nh4 25. Ne3 $11) ({Resist} 23... Nxb7 24. Ne2) 24. Rxd8 Rxd8 $2 (24... cxb2 $19 25. Qxb2 Qxd8) 25. Qxc3 $15 Rd4 (25... Qd6 $15 26. Bf3 Na4) 26. b4 (26. Ne3 $11 {keeps the balance.} Nxe3 27. Qxe3 Rxf4 28. Bf3) 26... Qxb7 $17 27. bxc5 Qd5 (27... b4 $142 28. Qf3 Qc7) 28. Re1 {Accuracy: White = 44%, Black = 85%.} (28. Nf2 $17) 1/2-1/2

[Event "5th Ordu Open 2019"]
[Site "Ordu"]
[Date "2019.05.05"]
[Round "9.5"]
[White "Eren, Ataberk"]
[Black "Sibashvili, Giorgi"]
[Result "0-1"]
[WhiteElo "2256"]
[BlackElo "2381"]
[Annotator "TA"]
[PlyCount "38"]
[EventDate "2019.04.29"]
[EventType "swiss"]
[EventCountry "TUR"]
[SourceTitle "playchess.com"]
[Source "ChessBase"]
[SourceQuality "1"]

{[%evp 14,138,18,0,0,-35,11,10,10,8,79,41,57,-32,-25,-31,-26,-27,-18,-22,-27,-88,-43,-76,0,-56,0,0,0,0,0,0,0,-45,0,0,26,17,16,0,16,6,8,0,0,0,20,21,9,28,28,23,104,91,84,-207,-217,-157,-52,-45,-47,-58,-43,-75,-66,-74,-73,-93,-74,-102,-17,-16,-8,-8,-8,-8,-6,-8,-6,-39,-12,-19,-18,-33,-33,-33,-33,-31,-16,-123,-101,-57,-2,-77,-8,-307,-75,-743,-708,-1080,-980,-1221,-1217,-29976,-29977,-29977,-29978,-29978,-29979,-2131,-29980,-29979,-29980,-29956,-10154,-29982,-29983,-29983,-29984,-29984,-29985,-29989,-29990,-29991,-29992,-29995,-29996]} 1. e4 e6 2. d4 d5 3. Nd2 {[%cal Bb1d2,Bd2b3,Bb3a5][%mdl 32]} Nc6 4. Ngf3 Nf6 5. e5 Nd7 6. Bb5 a6 7. Bxc6 bxc6 8. Nb3 a5 {C04: French Tarrasch: 3...Nc6} 9. Bd2 a4 10. Na5 Nb8 {The position is equal.} 11. c4 a3 (11... dxc4 $11 12. Qxa4 (12. Nxc4 c5 $11) 12... Qd5) 12. b4 dxc4 13. Bc3 $146 (13. Qc1 $14) ({Predecessor:} 13. O-O Ba6 14. Re1 Bb5 15. Qc1 Qd5 16. Qxa3 {1-0 (36) Rodriguez Cespedes,A (2555)-Pecorelli Garcia,H (2460) Matanzas 1997}) 13... Qd5 14. O-O Na6 15. Qd2 Be7 16. Rab1 O-O 17. Rfe1 (17. Rfc1 $11) 17... Rb8 18. Ng5 Rb5 (18... Qb5 $17 {[%cal Ra6b4]} 19. Ne4 Nxb4) 19. Ne4 {[#]} (19. Nh3 $11) 19... Bd7 {Played: Na6xb4} 0-1

[Event "5th Ordu Open 2019"]
[Site "Ordu"]
[Date "2019.05.05"]
[Round "9.7"]
[White "Klekowski, Maciej"]
[Black "Lortkipanidze, Nodar"]
[Result "1/2-1/2"]
[WhiteElo "2502"]
[BlackElo "2320"]
[Annotator "TA"]
[PlyCount "99"]
[EventDate "2019.04.29"]
[EventType "swiss"]
[EventCountry "TUR"]
[SourceTitle "playchess.com"]
[Source "ChessBase"]
[SourceQuality "1"]

{[%evp 12,99,29,31,41,21,56,57,75,62,68,74,104,78,67,68,80,91,92,84,87,84,82,79,116,100,139,97,106,114,156,157,150,149,163,163,261,262,261,249,299,297,350,336,383,409,385,213,213,186,199,135,135,135,190,135,135,134,127,129,147,133,134,133,143,147,235,123,190,195,162,177,128,120,127,8,8,8,8,8,8,0,0,0,0,0,0,0,0,0]} 1. Nf3 e6 2. c4 b6 3. g3 Bb7 4. Bg2 f5 5. O-O Nf6 6. d4 g6 7. Nc3 Bg7 {A84: Dutch Defence: 2 c4 Miscellaneous} 8. d5 exd5 (8... Na6 9. Rb1 Nc5 10. Nd2 a5 11. b3 O-O 12. Bb2 e5 13. a3 e4 14. b4 axb4 15. axb4 {0-1 (49) Tan,Z (2517)-Paehtz,E (2464) Huaian 2017}) 9. cxd5 O-O {White is slightly better.} 10. Bf4 Na6 11. Rc1 h6 12. Be5 $146 ({Predecessor:} 12. d6 cxd6 13. Bxd6 Re8 14. Qb3+ Kh7 15. Ng5+ hxg5 16. Bxb7 {½-½ (45) Rubinstein,A-Rabinovich,A Karlsbad 1911}) 12... Kh7 13. a3 c6 14. dxc6 Bxc6 15. b4 {Hoping for b5.} Rc8 16. Nd4 Bxg2 17. Kxg2 Re8 18. Nf3 d6 19. Bd4 (19. Bxd6 Ne4 $17) (19. Qxd6 $6 Qxd6 20. Bxd6 Ng4 $11) 19... Nc7 20. Qd3 Ne6 {[#]} 21. Bxf6 $1 Qxf6 22. Nb5 Rxc1 23. Rxc1 a6 (23... Re7 {was worth a try.} 24. h4 (24. Nxd6 Rd7 $14) (24. Qxd6 Qf7 $16) 24... a6) 24. Nc7 $18 ({Weaker is} 24. Nxd6 Rd8 $16) 24... Nxc7 25. Rxc7 a5 26. b5 f4 27. Rc6 Re6 28. Rxb6 Qb2 29. Rxd6 (29. Nd2 $142) 29... Rxd6 30. Qxd6 {And now b6 would win.} Qxb5 {[#]} 31. Qxf4 (31. Qe6 $1 $18) 31... Qxe2 $16 32. Qa4 Bc3 (32... Qa6 $16 {is a better defense.} 33. Qe4 Qb5) 33. Qb3 (33. h4 $18) 33... Bg7 34. a4 Qe4 35. h4 Bf6 36. Qb6 Qf5 37. Qc7+ Bg7 38. Qc4 Qb1 (38... Kh8 $16 39. Qc6 Kh7) 39. Nd2 (39. Qc5 $18) 39... Qd1 (39... Qb7+ $16 {keeps fighting.} 40. Kg1 Qd7) 40. Nb3 $18 Qe1 41. Nc5 Qc3 42. Qb5 Qd4 43. Qxa5 (43. Nd3 $16) 43... Qd5+ $11 {The position is equal.} 44. Kf1 {Qb4 is the strong threat.} Bf8 45. Qa7+ Kg8 46. Nd7 {Intending Nf6+ and mate.} Qh1+ 47. Ke2 {White threatens Nf6+ and mate.} Qe4+ 48. Kf1 {Threatening mate with Nf6+.} Qh1+ 49. Ke2 {White wants to mate with Nf6+.} Qe4+ 50. Kf1 {Accuracy: White = 64%, Black = 45%.} 1/2-1/2

[Event "5th Ordu Open 2019"]
[Site "Ordu"]
[Date "2019.05.05"]
[Round "9.8"]
[White "Haznedaroglu, Kivanc"]
[Black "Gunduz, Umut Erdem"]
[Result "1/2-1/2"]
[WhiteElo "2466"]
[BlackElo "2216"]
[Annotator "TA"]
[PlyCount "132"]
[EventDate "2019.04.29"]
[EventType "swiss"]
[EventCountry "TUR"]
[SourceTitle "playchess.com"]
[Source "ChessBase"]
[SourceQuality "1"]

{[%evp 19,132,0,-6,0,5,0,49,56,64,60,54,60,58,1,216,188,210,12,17,-5,-6,-4,10,0,0,0,0,0,0,-6,0,-39,-27,-31,13,3,43,40,55,12,20,12,16,0,4,2,12,2,9,0,10,13,24,24,25,10,27,28,43,0,0,0,0,0,0,0,0,0,0,-7,-7,-7,-7,-9,0,-8,-8,-13,-3,-8,-12,-23,-2,-8,-8,-8,0,-310,-310,-310,-12,-12,-12,-14,0,-6,0,-12,0,-5,0,0,0,0,0,0,0,0,0,0,0,0,0,0,0]} 1. e4 c6 2. d4 d5 3. e5 Bf5 4. Nc3 e6 5. g4 Bg6 6. Nge2 f6 7. Nf4 Bf7 8. exf6 gxf6 9. Qe2 Qe7 10. Nd3 Nd7 11. f4 {B12: Caro-Kann: Advance Variation} Bg7 12. Be3 O-O-O 13. O-O-O {White is slightly better.} e5 $146 ({Predecessor:} 13... h5 14. g5 {1-0 (14) Lorentzen,O (2509)-Grosu,D (2473) ICCF email 2002}) 14. fxe5 fxe5 15. dxe5 Nxe5 16. Bd4 ({Better is} 16. Bxa7 $14 Nxd3+ 17. Qxd3 (17. Rxd3 Re8 $14)) 16... Qg5+ $2 (16... Nxd3+ $11 {and Black has nothing to worry.} 17. Rxd3 Bxd4 18. Rxd4 Qg5+ 19. Kb1 Re8) 17. Kb1 $1 $18 Nxd3 {[#]} 18. Qxd3 $2 (18. h4 $1 $18 {[%cal Rh4g5]} Qg6 19. h5 (19. Rxd3 Bxd4 20. Rxd4 Re8 $16) (19. Qxd3 Qxd3 20. Rxd3 Bxd4 $11)) 18... Bg6 $1 $11 {[%cal Rg6d3]} 19. Qg3 $132 {[%mdl 2048] White puts up resistance} Bxd4 20. Rxd4 Qf6 21. Ra4 Qd6 $1 22. Qxd6 Rxd6 23. Rxa7 Kb8 24. Ra3 Nf6 25. Rg1 Rf8 {[%mdl 1024] Black has compensation.} (25... Re8 {looks sharper.} 26. Ne2 d4 27. Kc1 Nd5 28. Rf3 Nb4) 26. Bd3 Ne4 27. Nd1 c5 28. Kc1 c4 29. Bxe4 (29. Rf1 {with more complications.} Rdf6 30. Rxf6 Rxf6 31. Be2 Kc7 32. Rf3) 29... Bxe4 30. Re3 Rf4 31. c3 Kc7 32. Re2 Rdf6 33. Ne3 Kc6 34. g5 Rf8 35. Ng4 Rf1+ 36. Rxf1 Rxf1+ {[%mdl 4096] Endgame KRB-KRN} 37. Kd2 Kd6 {Threatens to win with ...Bf3.} 38. Rf2 Rg1 39. h3 Rg3 40. Rf6+ Kc5 41. Ne5 {Nd7+ is the strong threat.} d4 $1 42. cxd4+ Kxd4 43. Ng4 Rxh3 44. Nf2 Rh2 45. Rf4 Kd5 46. Ke3 Bg6 47. Rd4+ Kc5 48. Rd2 {aiming for Nd3+!} Rh4 49. Rd7 b5 50. Rb7 b4 51. a3 bxa3 52. bxa3 Rh5 53. Ra7 $2 {[%mdl 8192]} (53. Ne4+ $11 {and White is okay.} Kc6 54. Re7) 53... Kb6 $19 54. Ra4 {[#]} Kb5 $2 ({Less strong is} 54... Rxg5 55. Rxc4 Rg3+ 56. Kf4 $15) (54... c3 $1 $19 55. Rb4+ Ka5) 55. Rb4+ $1 $11 {The position is equal.} Kc5 56. Ra4 Kb5 57. Rb4+ $1 Kc5 58. Ra4 $1 c3 {And now ...c2 would win.} 59. Ne4+ Bxe4 60. Rxe4 Rxg5 {KR-KR} 61. Kd3 Rg3+ 62. Kc2 h5 63. Rh4 Kb5 64. Rxh5+ Ka4 65. Rc5 Kxa3 66. Rxc3+ Rxc3+ {Accuracy: White = 57%, Black = 40%.} 1/2-1/2

[Event "5th Ordu Open 2019"]
[Site "Ordu"]
[Date "2019.05.05"]
[Round "9.10"]
[White "Elashvili, Giorgi"]
[Black "Akbas, Umut Ata"]
[Result "1/2-1/2"]
[WhiteElo "1833"]
[BlackElo "1916"]
[Annotator "NA RC"]
[PlyCount "26"]
[EventDate "2019.04.29"]
[EventType "swiss"]
[EventCountry "TUR"]
[SourceTitle "playchess.com"]
[Source "ChessBase"]
[SourceQuality "1"]
[TimeControl "5400+30"]

{[%evp 15,22,-7,0,3,-1,0,43,39,57]} 1. e4 {[%emt 0:30:30]} c5 {[%emt 0:30:30]} 2. c4 {[%emt 0:00:30]} Nc6 {[%emt 0:00:30]} 3. Nc3 {[%emt 0:00:30]} g6 {[%emt 0:00:00]} 4. g3 {[%emt 0:00:00]} Bg7 {[%emt 0:00:00]} 5. Bg2 {[%emt 0:00:00]} d6 {[%emt 0:00:00]} 6. d3 {[%emt 0:00:00]} e6 {[%emt 0:00:00]} 7. Nge2 {[%emt 0:00:00]} Nge7 {[%emt 0:00:00]} 8. O-O {[%emt 0:00:00]} O-O {[%emt 0:00:00]} 9. Rb1 {[%emt 0:00:00]} b6 {[%emt 0:06:30]} 10. Be3 {[%emt 0:01:30]} Bb7 {[%emt 0:04:30]} 11. d4 {[%emt 0:02:30]} Rc8 $14 {[%emt 0:01:30]} 12. b3 {[%emt 0:13:30]} e5 {[%emt 0:08:30]} 13. dxc5 {[%emt 0:02:30]} dxc5 {[%emt 0:00:30]} 1/2-1/2

[Event "5th Ordu Open 2019"]
[Site "Ordu"]
[Date "2019.05.05"]
[Round "9.11"]
[White "Serestian, Arman"]
[Black "Kurdas, Halil Ibrahim"]
[Result "1-0"]
[WhiteElo "1991"]
[BlackElo "1903"]
[Annotator "NA RC"]
[PlyCount "121"]
[EventDate "2019.04.29"]
[EventType "swiss"]
[EventCountry "TUR"]
[SourceTitle "playchess.com"]
[Source "ChessBase"]
[SourceQuality "1"]
[TimeControl "5400+30"]

1. d4 {[%emt 0:30:30]} d5 {[%emt 0:30:30]} 2. Nf3 {[%emt 0:00:30]} Nf6 {[%emt 0:00:00]} 3. e3 {[%emt 0:00:00]} e6 {[%emt 0:00:00]} 4. Nbd2 {[%emt 0:00:00]} a6 {[%emt 0:00:30]} (4... b6 5. b3 Bb7 6. Bb2 Nbd7 7. Bd3 Be7 8. O-O O-O 9. c4 c5 10. cxd5 Nxd5 11. Rc1 Rc8 12. Nc4 N5f6 13. Qe2 cxd4 14. Bxd4 Nc5 15. Bb1 Qd5 16. Rfd1 Qh5 17. Bxf6 Bxf6 18. Nd6 Bxf3 19. Qxf3 Qxf3 20. gxf3 {½-½ (80) Mamedyarov,S (2817)-Wang,H (2730) St Petersburg 2018}) 5. b3 {[%emt 0:00:00]} c5 {[%emt 0:00:30]} 6. Bb2 {[%emt 0:00:00] D02: 1 d4 d5 2 Nf3 sidelines, including 2...Nf6 3 g3 and 2...Nf6 3 Bf4} Nc6 {[%emt 0:01:30]} 7. a3 {[%emt 0:00:30]} b5 {[%emt 0:00:30]} 8. dxc5 $146 {[%emt 0:02:30]} ({Predecessor:} 8. Ne5 Nxe5 9. dxe5 Nd7 10. a4 b4 11. e4 Bb7 12. exd5 exd5 13. Bd3 Qc7 14. Qe2 Qc6 15. f4 Be7 16. O-O O-O-O 17. Rae1 Rde8 18. Qg4 h5 19. Qh3 Bd8 20. Bf5 Rh6 {1-0 (20) Tosic,M (2421)-Cretnik,U (2214) Belgrade 2014}) 8... Bxc5 {[%emt 0:00:30]} 9. Rc1 {[%emt 0:01:30]} Qe7 {[%emt 0:01:30]} 10. c4 {[%emt 0:02:30]} bxc4 {[%emt 0:03:30]} 11. bxc4 {[%emt 0:00:00]} Bd7 {[%emt 0:03:30]} 12. cxd5 {[%emt 0:01:00]} exd5 {[%emt 0:01:30]} 13. Be2 {[%emt 0:16:30]} Bxa3 {[%emt 0:06:30]} 14. Bxa3 {[%emt 0:00:30]} Qxa3 {[%emt 0:00:30]} 15. O-O {[%emt 0:00:30]} O-O {[%emt 0:00:30]} 16. Ra1 {[%emt 0:00:30]} Qd6 {[%emt 0:01:30]} 17. Bxa6 {[%emt 0:01:30]} Ne5 {[%emt 0:03:30]} 18. Nxe5 {[%emt 0:01:30]} Qxe5 {[%emt 0:00:00]} 19. Nf3 {[%emt 0:02:30]} Qd6 {[%emt 0:01:00]} 20. Be2 {[%emt 0:01:30]} Ne4 {[%emt 0:05:30]} 21. Qd4 {[%emt 0:00:30]} Nc5 {[%emt 0:04:30]} 22. Rxa8 {[%emt 0:01:30]} Rxa8 {[%emt 0:00:30]} 23. Rd1 {[%emt 0:00:30]} Be6 {[%emt 0:00:30]} 24. Qh4 {[%emt 0:05:30]} h6 {[%emt 0:00:30]} 25. g4 {[%emt 0:01:30]} Ra4 $11 {[%emt 0:04:30]} 26. Nd4 {[%emt 0:03:30]} Ne4 {[%emt 0:00:30]} 27. Bd3 {[%emt 0:02:30]} Ng5 {[%emt 0:06:30]} 28. Kg2 {[%emt 0:01:30]} Ra2 {[%emt 0:01:30]} 29. Qg3 {[%emt 0:01:30]} Qxg3+ {[%emt 0:02:30]} 30. Kxg3 {[%emt 0:00:30]} Ra3 {[%emt 0:02:13]} 31. Bc2 {[%emt 0:01:30]} Rc3 {[%emt 0:03:17]} 32. Rb1 {[%emt 0:01:30]} Nh7 {[%emt 0:05:20]} 33. Rb8+ {[%emt 0:01:40]} Rc8 {[%emt 0:00:06]} 34. Bxh7+ {[%emt 0:05:20]} Kxh7 {[%emt 0:00:01]} 35. Rb7 {[%emt 0:01:01]} Rc3 {[%emt 0:02:30]} 36. Re7 {[%emt 0:00:38]} Kg8 {[%emt 0:03:17]} 37. Re8+ {[%emt 0:00:44]} Kh7 {[%emt 0:00:30]} 38. Nxe6 {[%emt 0:00:30]} fxe6 {[%emt 0:00:30]} 39. Rxe6 {[%emt 0:00:00]} d4 {[%emt 0:00:00]} 40. h4 {[%emt 0:00:00]} Kg8 {[%emt 0:00:06]} 41. Kf4 {[%emt 0:00:24]} dxe3 {[%emt 0:00:30]} 42. fxe3 {[%emt 0:00:30]} Kf7 {[%emt 0:00:00]} 43. Re5 {[%emt 0:02:35]} Rc4+ {[%emt 0:00:00]} 44. e4 {[%emt 0:00:12]} Rc1 {[%emt 0:00:00]} 45. Ra5 {[%emt 0:00:00]} Rf1+ {[%emt 0:00:00]} 46. Ke5 {[%emt 0:00:49]} Rg1 {[%emt 0:00:00]} 47. Ra7+ {[%emt 0:00:18]} Kg8 {[%emt 0:00:30]} 48. Kf5 {[%emt 0:00:30]} Rf1+ {[%emt 0:00:04]} 49. Ke5 {[%emt 0:02:40]} Rg1 {[%emt 0:00:05]} 50. g5 {[%emt 0:01:34]} hxg5 {[%emt 0:00:30]} 51. hxg5 {[%emt 0:00:30]} Rxg5+ {[%emt 0:00:00]} 52. Kd6 {[%emt 0:00:00]} Rg1 {[%emt 0:00:03]} 53. e5 {[%emt 0:00:00]} Rd1+ {[%emt 0:00:36]} 54. Ke7 {[%emt 0:00:03]} g5 {[%emt 0:00:25]} 55. Kf6 {[%emt 0:00:47]} Rg1 {[%emt 0:01:18]} 56. e6 {[%emt 0:00:47]} g4 {[%emt 0:00:32]} 57. e7 {[%emt 0:00:50]} Re1 {[%emt 0:07:10]} 58. Ra8+ {[%emt 0:00:30]} Kh7 {[%emt 0:00:00]} 59. e8=Q {[%emt 0:00:26]} Rxe8 {[%emt 0:00:06]} 60. Rxe8 {[%emt 0:00:30]} g3 {[%emt 0:00:00]} 61. Re7+ {[%emt 0:00:00]} 1-0